Tight bands that hurt (Record no. 71767)

MARC details
000 -LEADER
fixed length control field 00862cam a2200205 4500
001 - CONTROL NUMBER
control field ABS66292
008 - FIXED-LENGTH DATA ELEMENTS--GENERAL INFORMATION
fixed length control field 021216n2002 000 0 eng u
035 ## - SYSTEM CONTROL NUMBER
System control number (Sirsi) u120778
100 ## - MAIN ENTRY--PERSONAL NAME
Personal name Cooke-Priest, P
245 ## - TITLE STATEMENT
Title Tight bands that hurt
260 ## - PUBLICATION, DISTRIBUTION, ETC.
Date of publication, distribution, etc. 2002
490 ## - SERIES STATEMENT
Series statement Estates Gazette
Volume/sequential designation (0246) 16 November 2002, 190-191(2)
520 ## - SUMMARY, ETC.
Summary, etc. Looks at possible solution to problem of one-size-fits-all approach to banding for council tax, which results in an unfair ratings burden. The answer could lie in a system based on localised property values. Issue of bunching up of values could be solved by increasing the number of bands. Also appeals system should be tightened up. Table.
590 ## - LOCAL NOTE (RLIN)
Local note ABS
650 ## - SUBJECT ADDED ENTRY--TOPICAL TERM
Topical term or geographic name entry element COUNCIL TAX
650 ## - SUBJECT ADDED ENTRY--TOPICAL TERM
Topical term or geographic name entry element BANDING
650 ## - SUBJECT ADDED ENTRY--TOPICAL TERM
Topical term or geographic name entry element LOCAL GOVERNMENT FINANCE ACT 1992
690 ## - LOCAL SUBJECT ADDED ENTRY--TOPICAL TERM (OCLC, RLIN)
Topical term or geographic name as entry element RATING AND LOCAL TAXATION
942 ## - ADDED ENTRY ELEMENTS (KOHA)
Suppress in OPAC 0
Holdings
Withdrawn status Lost status Source of classification or shelving scheme Damaged status Not for loan Home library Current library Shelving location Date acquired Total Checkouts Full call number Barcode Date last seen Copy number Price effective from Koha item type
    Dewey Decimal Classification     London London Journal article 16/12/2002   ABS66292 120778-1001 06/08/2019 1 06/08/2019 Journal article